Fondements de la topologie générale

Guardado en:
Detalles Bibliográficos
Autor principal: Császár, Akos (Autor)
Formato: Libro
Lenguaje:francés
Publicado: París Gauthier-Villars 1960
Materias:
Etiquetas: Agregar Etiqueta
Sin Etiquetas, Sea el primero en etiquetar este registro!

MARC

LEADER 00000nam a2200000 a 4500
001 UCQ9620
003 CL-VaPUC
008 990112e19600000FR |||||||||||||||||fre|d
082 0 4 |a 514.322  |b CSA  |2 21 
100 0 |a Császár, Akos  |e author  |9 424284 
245 1 0 |a Fondements de la topologie générale 
300 |a 229 p 
942 |c BK 
945 |d 19990112 00:00:00  |a crobeson 
260 |a París  |b Gauthier-Villars  |c 1960 
650 0 |a Topología general   |9 424243 
650 0 |a Espacios topológicos   |9 360015 
650 0 |a Análisis matemático   |9 260146 
650 0 |a Análisis funcional   |9 269993 
583 |a last modification  |c 19990112 00:00:00  |k Rodrigo Vera 
999 |c 278612  |d 278610 
952 |0 0  |1 0  |4 0  |6 514_322000000000000_CSA_1960  |7 0  |8 A  |9 317253  |a BIBMAT  |b BIBMAT  |d 2019-11-20  |i 1316923  |o 514.322 CSA 1960  |p 1316923  |r 2025-01-07  |w 2019-11-20  |y BK  |k MAT 
952 |0 0  |1 0  |4 0  |6 514_322000000000000_CSA_1960  |7 0  |8 A  |9 317254  |a BIBMAT  |b BIBMAT  |d 2019-11-20  |i 1316931  |o 514.322 CSA 1960  |p 1316931  |r 2025-01-07  |w 2019-11-20  |y BK  |k MAT